[Event "Moscow Open F Women"]
[Site "Moscow RUS"]
[Date "2011.01.31"]
[Round "3.50"]
[White "Semenova, Anastasia"]
[Black "Cherniavskaya, Klara"]
[Result "1-0"]
[WhiteElo "1870"]
[BlackElo "1645"]
[WhiteFideId "4109511"]
[BlackFideId "4194462"]
[EventDate "2011.01.29"]

1. e4 e5 2. Nf3 Nc6 3. Bb5 Nge7 4. Nc3 a6 5. Bc4 h6 6. d4 d6 7. dxe5 dxe5 8.
Qxd8+ Nxd8 9. Nxe5 Ne6 10. Be3 g6 11. Nd5 Nxd5 12. exd5 Bd6 13. dxe6 Bxe5 14.
exf7+ Kf8 15. Bc5+ Kg7 16. O-O-O Bd6 17. Bd4+ Kh7 18. Bxh8 Kxh8 19. Rxd6 Bf5 20.
Re1 Rf8 21. Re8 cxd6 22. Rxf8+ Kg7 23. Rg8+ Kf6 24. f8=Q+ 1-0

[Event "Moscow Open F Women"]
[Site "Moscow RUS"]
[Date "2011.01.31"]
[Round "3.51"]
[White "Sotiriadou, Ioanna"]
[Black "Paramzina, Anastasya"]
[Result "0-1"]
[WhiteElo "1607"]
[BlackElo "1860"]
[WhiteFideId "4222997"]
[BlackFideId "4165012"]
[EventDate "2011.01.29"]

1. Nf3 Nf6 2. d4 d5 3. e3 e6 4. c4 Be7 5. Nc3 O-O 6. Be2 c6 7. O-O Nbd7 8. cxd5
exd5 9. Ne5 Qc7 10. Nxd7 Bxd7 11. Bd2 Rae8 12. Rc1 Ne4 13. Nxd5 Qd6 14. Nxe7+
Rxe7 15. Be1 Re6 16. f3 Rh6 17. g3 Ng5 18. h4 Nh3+ 19. Kg2 g5 20. g4 f5 21. Kxh3
fxg4+ 22. fxg4 Rxf1 23. Bxf1 gxh4 24. Bc4+ Kg7 25. Bd3 Rh5 26. Qf3 Rg5 27. Bf5
h5 28. Bxd7 Qxd7 29. Kxh4 Rxg4+ 30. Kxh5 Rg6 31. Kh4 Rh6+ 32. Kg5 Qe7+ 33. Kg4
Qe6+ 34. Kg5 Qg6+ 35. Kf4 Qf7+ 36. Kg3 Rh3+ 0-1

[Event "Moscow Open F Women"]
[Site "Moscow RUS"]
[Date "2011.01.31"]
[Round "3.52"]
[White "Zasypkina, Evgenia"]
[Black "Vasiukova, Renata D."]
[Result "1-0"]
[WhiteElo "1855"]
[BlackElo "1600"]
[WhiteFideId "24102784"]
[BlackFideId "4106067"]
[EventDate "2011.01.29"]

1. e4 c6 2. d4 Qa5+ 3. Nc3 d6 4. Nf3 h6 5. Bc4 g5 6. Be3 Bg7 7. Nd2 Nd7 8. Qh5
d5 9. exd5 Ndf6 10. Qe2 cxd5 11. Nb3 Qb4 12. Bd3 Ne4 13. Bxe4 dxe4 14. O-O-O Nf6
15. d5 b6 16. Bd4 Bd7 17. Be5 Rc8 18. Rd4 Bb5 19. Qxb5+ Qxb5 20. Nxb5 a6 21. Nc3
O-O 22. Nxe4 Nxe4 23. Rxe4 f6 24. Bc3 e5 25. dxe6 Rfe8 26. Nd4 Rc5 27. g4 Re5
28. Rhe1 Ra5 29. Bxa5 1-0

[Event "Moscow Open F Women"]
[Site "Moscow RUS"]
[Date "2011.01.31"]
[Round "3.53"]
[White "Loginova, Tatiana"]
[Black "Frantsuzova, Lyudmila"]
[Result "0-1"]
[WhiteElo "1599"]
[BlackElo "1839"]
[WhiteFideId "24174700"]
[BlackFideId "4171918"]
[EventDate "2011.01.29"]

1. e4 c5 2. Nf3 Nc6 3. d4 cxd4 4. Nxd4 Nf6 5. Nc3 e5 6. Ndb5 d6 7. Bg5 h6 8. Bh4
a6 9. Na3 b5 10. Nd5 g5 11. Bg3 Nxe4 12. Qf3 Nxg3 13. Nf6+ Ke7 14. hxg3 Bb7 15.
Nd5+ Ke6 16. Ne3 d5 17. Qf5+ Ke7 18. O-O-O d4 19. Ng4 Bg7 20. Re1 f6 21. Rh2 Qa5
22. Re2 Nb4 23. Kb1 Bd5 24. f4 Bxa2+ 25. Ka1 Be6 26. Qg6 Bxg4 27. Qxg7+ Ke6 28.
Rd2 Bf5 29. Kb1 Rh7 30. Qxh7 Bxh7 31. Rxh6 Bxc2+ 32. Nxc2 Qa2+ 33. Kc1 Rc8 34.
Kd1 Qb1+ 35. Ke2 d3+ 0-1

[Event "Moscow Open F Women"]
[Site "Moscow RUS"]
[Date "2011.01.31"]
[Round "3.54"]
[White "Aseeva, Anastasia"]
[Black "Afanasieva, Elena"]
[Result "1-0"]
[WhiteElo "1807"]
[BlackElo "1592"]
[WhiteFideId "4184971"]
[BlackFideId "4170580"]
[EventDate "2011.01.29"]

1. d4 d5 2. c4 e6 3. Nc3 Bb4 4. e3 Nf6 5. Bd2 Bxc3 6. Bxc3 O-O 7. Nf3 Nc6 8. Bd3
dxc4 9. Bxc4 Nd5 10. O-O Nxc3 11. bxc3 a6 12. a4 b6 13. Qe2 Bb7 14. e4 Re8 15.
Rfd1 Qf6 16. e5 Qf4 17. Ne1 Ne7 18. Rd3 Nf5 19. Rh3 g6 20. Bd3 Red8 21. g3 Qg5
22. f4 Qe7 23. g4 Ng7 24. Qe3 c5 25. f5 Ne8 26. Qh6 f6 27. fxg6 Kh8 28. Qxh7+
Qxh7 29. Rxh7+ Kg8 30. Rxb7 cxd4 31. exf6 Nxf6 32. Bc4 Nd5 33. cxd4 Re8 34. Bxd5
exd5 35. Nf3 Re4 36. h3 Rae8 37. Rf1 Re3 38. Rxb6 Rf8 39. Kg2 Kg7 40. Rxa6 1-0

[Event "Moscow Open F Women"]
[Site "Moscow RUS"]
[Date "2011.01.31"]
[Round "3.55"]
[White "Shmyreva, Tatiana"]
[Black "Artemenko, Rimma"]
[Result "1-0"]
[WhiteElo "1806"]
[BlackElo "1566"]
[WhiteFideId "24152803"]
[BlackFideId "4194799"]
[EventDate "2011.01.29"]

1. d4 d5 2. c4 c6 3. e3 Bf5 4. Nc3 e6 5. c5 Nf6 6. Bd3 Bg6 7. Nge2 Be7 8. O-O
Qc7 9. Nf4 Bxd3 10. Qxd3 Nbd7 11. b4 e5 12. dxe5 Nxe5 13. Qf5 Ng6 14. Nfe2 Qe5
15. Qxe5 Nxe5 16. Nd4 g6 17. Nce2 Nc4 18. f3 O-O 19. g4 Rfe8 20. Ng3 h6 21. Re1
Bf8 22. h4 Bg7 23. Kf2 Nd7 24. b5 Bxd4 25. exd4 Rxe1 26. Kxe1 Re8+ 27. Kf2 g5
28. Nf5 Re6 29. f4 gxf4 30. Bxf4 Kh7 31. a4 Nb2 32. Ra3 Nc4 33. Rg3 Re4 34. Bxh6
f6 35. Bc1 1-0

[Event "Moscow Open F Women"]
[Site "Moscow RUS"]
[Date "2011.01.31"]
[Round "3.57"]
[White "Stanetskaya, Galina"]
[Black "Sigua, Irina"]
[Result "0-1"]
[WhiteElo "1531"]
[BlackElo "1731"]
[WhiteFideId "24156957"]
[BlackFideId "24158976"]
[EventDate "2011.01.29"]

1. d4 Nf6 2. c4 g6 3. Nc3 Bg7 4. e4 d6 5. Bd3 O-O 6. Nf3 Nc6 7. h3 e5 8. d5 Ne7
9. h4 Nh5 10. Rg1 Nf6 11. Be2 h6 12. Nh2 Kh7 13. g4 Rh8 14. g5 hxg5 15. hxg5 Ne8
16. Ng4 Kg8 17. Bf3 f5 18. Nf6+ Nxf6 19. gxf6 Bxf6 20. Rh1 Kf7 21. Be3 f4 22.
Bd2 Rxh1+ 23. Bxh1 Qh8 24. Ke2 Qh2 25. Bf3 Bh4 26. Qf1 g5 27. Qg2 Qxg2 28. Bxg2
g4 29. f3 a6 30. Rh1 Ng6 31. a4 g3 32. b4 Bd7 33. b5 axb5 34. cxb5 Kg7 35. Ra1
b6 36. Kd3 Be7 37. Rg1 Nh4 38. Bh1 Kf7 39. Be1 Rg8 40. Ne2 Bh3 41. a5 bxa5 42.
Bxa5 Bd8 43. Be1 g2 44. Bxh4 Bxh4 45. Rc1 Bd8 46. Kc4 gxh1=Q 47. Rxh1 Bg2 48.
Rh7+ Rg7 49. Rxg7+ Kxg7 50. Kd3 Bxf3 51. Ng1 Bg2 52. Ne2 f3 53. Ng3 Kg6 54. Ke3
Bg5+ 55. Kf2 Bh4 56. b6 cxb6 57. Kg1 Bh3 58. Nf5 f2+ 59. Kh2 Bxf5 60. exf5+ Kxf5
61. Kg2 e4 0-1

[Event "Moscow Open F Women"]
[Site "Moscow RUS"]
[Date "2011.02.01"]
[Round "4.1"]
[White "Berdychevaskaya, Natasha"]
[Black "Turova, Irina"]
[Result "0-1"]
[WhiteTitle "WFM"]
[BlackTitle "IM"]
[WhiteElo "2193"]
[BlackElo "2434"]
[WhiteFideId "4159322"]
[BlackFideId "4120876"]
[EventDate "2011.01.29"]

1. e4 e5 2. Nf3 Nc6 3. Bb5 f5 4. d3 fxe4 5. dxe4 Nf6 6. O-O d6 7. Nc3 Be7 8. h3
O-O 9. Bc4+ Kh8 10. Ng5 Qe8 11. Ne6 Bxe6 12. Bxe6 Nd4 13. Bc4 Qg6 14. Be3 c5 15.
Bd3 Rac8 16. f4 c4 17. f5 Qh5 18. Be2 Nxe2+ 19. Qxe2 Qxe2 20. Nxe2 Nxe4 21. Bxa7
d5 22. c3 Bg5 23. g4 b6 24. Bxb6 Rb8 25. Bf2 Rxb2 26. Rfe1 Nxf2 27. Kxf2 Bh4+
28. Ke3 Bxe1 29. Rxe1 Rxa2 30. Rb1 Re8 31. Kf3 Rd2 32. Rb4 Rd3+ 33. Kg2 Re3 34.
Rb2 h6 35. Rd2 Rd3 36. Rc2 d4 37. Kf2 Rxh3 38. cxd4 exd4 39. Nxd4 Rh2+ 40. Kf3
Rxc2 41. Nxc2 Kg8 42. Nd4 c3 43. Nc2 Kf7 44. Nd4 Kf6 45. Nc2 Rd8 46. Ke3 Kg5 0-1

[Event "Moscow Open F Women"]
[Site "Moscow RUS"]
[Date "2011.02.01"]
[Round "4.2"]
[White "Charochkina, Daria"]
[Black "Suslova, Alena"]
[Result "1-0"]
[WhiteTitle "WIM"]
[BlackTitle "WFM"]
[WhiteElo "2314"]
[BlackElo "2180"]
[WhiteFideId "4180917"]
[BlackFideId "24111643"]
[EventDate "2011.01.29"]

1. e4 c5 2. Nf3 d6 3. d4 cxd4 4. Nxd4 Nf6 5. Nc3 g6 6. Be3 Bg7 7. f3 O-O 8. Qd2
Nc6 9. g4 e5 10. Nb3 a5 11. Bb5 Be6 12. O-O-O Ne8 13. h4 Bxb3 14. axb3 Nd4 15.
h5 Nc7 16. Bc4 b5 17. Bxd4 exd4 18. Nxb5 Nxb5 19. hxg6 hxg6 20. Bxb5 Qb6 21. Ba4
Rfc8 22. f4 Rc7 23. Qd3 Rac8 24. Rd2 Qc5 25. g5 f5 26. gxf6 Bxf6 27. e5 dxe5 28.
Qxg6+ Bg7 29. Rdh2 Kf8 30. Rh8+ Bxh8 31. Rxh8+ Ke7 32. Rh7+ Kf8 33. Qf6+ 1-0

[Event "Moscow Open F Women"]
[Site "Moscow RUS"]
[Date "2011.02.01"]
[Round "4.3"]
[White "Verko, Tatiana"]
[Black "Nemcova, Katerina"]
[Result "0-1"]
[WhiteTitle "WFM"]
[BlackTitle "WGM"]
[WhiteElo "2147"]
[BlackElo "2289"]
[WhiteFideId "13700987"]
[BlackFideId "322750"]
[EventDate "2011.01.29"]

1. d4 Nf6 2. c4 g6 3. Nc3 Bg7 4. e4 d6 5. f3 O-O 6. Be3 a6 7. Qd2 Nbd7 8. Bd3 c5
9. d5 Ne5 10. Nge2 b5 11. cxb5 Qa5 12. bxa6 Rb8 13. Rb1 Nfd7 14. O-O Nxd3 15.
Qxd3 Ne5 16. Qc2 Bxa6 17. Rfd1 Nc4 18. Bc1 Bd4+ 19. Nxd4 cxd4 20. Rxd4 Na3 21.
bxa3 Rxb1 22. Qxb1 Qxc3 23. Bb2 Qe3+ 24. Kh1 Qf2 25. Rb4 Bf1 0-1

[Event "Moscow Open F Women"]
[Site "Moscow RUS"]
[Date "2011.02.01"]
[Round "4.4"]
[White "Bivol, Alina"]
[Black "Mirzoeva, Elmira"]
[Result "1/2-1/2"]
[WhiteTitle "WFM"]
[BlackTitle "WGM"]
[WhiteElo "2114"]
[BlackElo "2216"]
[WhiteFideId "4100123"]
[BlackFideId "4127951"]
[EventDate "2011.01.29"]

1. e4 c6 2. d4 d5 3. exd5 cxd5 4. c4 Nf6 5. Nc3 g6 6. Qb3 Bg7 7. cxd5 Nbd7 8. g3
Nb6 9. Bg2 O-O 10. Nge2 Ne8 11. O-O Nd6 12. Bf4 Bf5 13. Rfd1 Qd7 14. Rac1 h5 15.
Bxd6 exd6 16. Nb5 Rfc8 17. Nec3 a6 18. Na3 Qd8 19. Nc2 Bxc2 20. Rxc2 Rc4 21.
Rcd2 Rb8 22. Bf1 Rcc8 23. Bh3 Rc4 24. Bf1 Rcc8 25. Bh3 Rc4 26. Bf1 1/2-1/2

[Event "Moscow Open F Women"]
[Site "Moscow RUS"]
[Date "2011.02.01"]
[Round "4.5"]
[White "Pourkashiyan, Atousa"]
[Black "Pershina, Elena"]
[Result "1-0"]
[WhiteTitle "WGM"]
[WhiteElo "2397"]
[BlackElo "2053"]
[WhiteFideId "12502014"]
[BlackFideId "24147516"]
[EventDate "2011.01.29"]

1. e4 e5 2. Nf3 d6 3. d4 exd4 4. Nxd4 g6 5. Nc3 Bg7 6. g3 Nf6 7. Bg2 O-O 8. O-O
Nc6 9. Nxc6 bxc6 10. h3 Bb7 11. Be3 Re8 12. Qd3 a5 13. Rfe1 d5 14. exd5 cxd5 15.
Rad1 c6 16. Na4 Ba6 17. Qa3 Nd7 18. b3 Bb5 19. c4 Bf8 20. Qc1 Bxa4 21. bxa4 Rc8
22. Bg5 Rxe1+ 23. Rxe1 Qc7 24. cxd5 cxd5 25. Bxd5 Nc5 26. Qc4 Qd7 27. Bf6 Rc7
28. Be5 Rc8 29. Ba1 Ne6 30. Qe4 Ng7 31. Qf3 Rc7 32. h4 Qxa4 33. Qf6 Qb5 34. Kh2
Qd7 35. Rb1 Rc8 36. Qf3 Rd8 37. Rd1 Rb8 38. Be5 Rb6 39. Bc4 Qb7 40. Bd5 Qd7 41.
Bb3 Qb7 42. Qc3 Rc6 43. Qxa5 Rc5 44. Qe1 Nf5 45. Bb2 Qc7 46. Qe8 Rc2 47. Bxc2
Qxc2 48. Qe5 Qxf2+ 49. Kh3 Ng7 50. Qf6 1-0

[Event "Moscow Open F Women"]
[Site "Moscow RUS"]
[Date "2011.02.01"]
[Round "4.6"]
[White "Avdeyeva, Viktoriya"]
[Black "Savina, Anastasia"]
[Result "0-1"]
[BlackTitle "WGM"]
[WhiteElo "2020"]
[BlackElo "2397"]
[WhiteFideId "13403389"]
[BlackFideId "4196872"]
[EventDate "2011.01.29"]

1. e4 c5 2. f4 Nc6 3. Nf3 d5 4. exd5 Qxd5 5. Nc3 Qd8 6. Bc4 e6 7. O-O Nge7 8. d3
Nf5 9. Ne5 Nxe5 10. fxe5 Be7 11. Ne4 Bd7 12. Qh5 g6 13. Qg4 h5 14. Qe2 Bc6 15.
c3 b5 16. Bb3 c4 17. dxc4 bxc4 18. Bxc4 Qb6+ 19. Kh1 h4 20. Rxf5 gxf5 21. Be3
Qb8 22. Nd6+ Bxd6 23. exd6 Rg8 24. d7+ Kd8 25. Rd1 Qb7 0-1

[Event "Moscow Open F Women"]
[Site "Moscow RUS"]
[Date "2011.02.01"]
[Round "4.7"]
[White "Doluhanova, Evgeniya"]
[Black "Gvanceladze, Anna"]
[Result "0-1"]
[WhiteTitle "WGM"]
[BlackTitle "WFM"]
[WhiteElo "2267"]
[BlackElo "2163"]
[WhiteFideId "14112035"]
[BlackFideId "4113721"]
[EventDate "2011.01.29"]

1. e4 c6 2. Nc3 d5 3. Nf3 Bg4 4. h3 Bxf3 5. Qxf3 Nf6 6. d3 e6 7. g3 d4 8. Nb1
Bb4+ 9. Nd2 c5 10. Bg2 Nc6 11. O-O Bxd2 12. Bxd2 Rc8 13. Qe2 Nd7 14. f4 O-O 15.
f5 exf5 16. Rxf5 Ne7 17. Rf2 Ne5 18. Raf1 c4 19. Qh5 f6 20. g4 cxd3 21. c3 Nc4
22. e5 Nxe5 23. Bxb7 Rc5 24. Qh4 N7g6 25. Qg3 Rb5 26. cxd4 Rxb7 27. dxe5 Rxb2
28. exf6 gxf6 29. g5 f5 30. h4 f4 31. Qh3 Qd4 32. h5 Rxd2 33. hxg6 hxg6 34. Qh6
Qb6 35. Kh1 Rxf2 36. Rxf2 Qb7+ 37. Kg1 Qh7 38. Qxh7+ Kxh7 39. Kf1 Rd8 40. Ke1
Rd4 41. Kd2 Kg7 42. Rf1 a5 43. Rc1 Rd5 44. Rc7+ Kg8 45. Rc6 Rxg5 46. Kxd3 Kf7
47. Ke4 Rf5 48. Kf3 g5 49. a4 Ke7 50. Rb6 Kd7 51. Ra6 Kc7 52. Re6 Rc5 53. Re1
Rc3+ 54. Kg4 Rg3+ 55. Kf5 Kc6 56. Rc1+ Kd5 57. Rb1 f3 58. Rd1+ Kc4 59. Ke4 g4
60. Ke3 Rg2 61. Rb1 f2 0-1

[Event "Moscow Open F Women"]
[Site "Moscow RUS"]
[Date "2011.02.01"]
[Round "4.8"]
[White "Travkina, Anastasia"]
[Black "Baraeva, Marina"]
[Result "0-1"]
[WhiteTitle "WFM"]
[BlackTitle "WFM"]
[WhiteElo "2189"]
[BlackElo "2152"]
[WhiteFideId "24129151"]
[BlackFideId "24142573"]
[EventDate "2011.01.29"]

1. e4 e6 2. d4 d5 3. exd5 exd5 4. Nf3 Bd6 5. c4 dxc4 6. Bxc4 Nf6 7. O-O O-O 8.
Bg5 h6 9. Bh4 Bg4 10. Qd3 Nbd7 11. h3 Bxf3 12. Qxf3 c6 13. Nd2 Qb6 14. Nb3 a5
15. Qd3 a4 16. Nd2 c5 17. dxc5 Nxc5 18. Qd4 Rad8 19. Qc3 g5 20. Qc2 Kg7 21. Nf3
gxh4 22. Nxh4 Nce4 23. Nf5+ Kh8 24. Nxh6 Bg3 25. Nxf7+ Rxf7 26. Bxf7 Rd2 27.
Qc8+ Kg7 28. Kh1 Nxf2+ 29. Rxf2 Qxf2 30. Qxb7 Rd7 31. Qb5 Rxf7 32. Qg5+ Kh7 33.
Rg1 Re7 34. Qa5 Bd6 35. Qc3 Ne4 36. Qd3 Qg3 37. Qxg3 Nxg3+ 0-1

[Event "Moscow Open F Women"]
[Site "Moscow RUS"]
[Date "2011.02.01"]
[Round "4.9"]
[White "Shulakova, Svetlana"]
[Black "Kharmunova, Nadejda"]
[Result "1/2-1/2"]
[WhiteTitle "WFM"]
[BlackTitle "WFM"]
[WhiteElo "2180"]
[BlackElo "2118"]
[WhiteFideId "4142691"]
[BlackFideId "4195876"]
[EventDate "2011.01.29"]

1. d4 f5 2. c4 Nf6 3. g3 g6 4. Bg2 Bg7 5. Nf3 O-O 6. O-O d6 7. Nc3 c6 8. Qd3 Nh5
9. h3 a5 10. Re1 Na6 11. e4 Nb4 12. Qe2 fxe4 13. Nxe4 Nf6 14. a3 Nxe4 15. axb4
d5 16. Be3 Qb6 17. Nd2 Qxb4 18. Nxe4 dxe4 19. Qc2 Be6 20. b3 a4 21. bxa4 Qxc4
22. Qxe4 Bd5 23. Qxe7 Bxg2 24. Kxg2 Qd5+ 25. Kg1 c5 26. Rab1 cxd4 27. Rxb7 Rf7
28. Qxf7+ Qxf7 29. Rxf7 Kxf7 30. Bg5 h6 31. Bf4 Rxa4 32. Be5 Bxe5 33. Rxe5 Kf6
34. f4 Ra2 35. Rd5 Rd2 36. g4 Ke6 37. Rd8 g5 38. Re8+ Kd5 39. f5 d3 40. f6 Rd1+
41. Kg2 d2 42. f7 Rg1+ 43. Kh2 Rh1+ 44. Kg2 Rg1+ 45. Kh2 Rh1+ 46. Kg2 1/2-1/2

[Event "Moscow Open F Women"]
[Site "Moscow RUS"]
[Date "2011.02.01"]
[Round "4.10"]
[White "Bodnaruk, Anastasia"]
[Black "Makarenko, Alexandra"]
[Result "1-0"]
[WhiteTitle "IM"]
[WhiteElo "2425"]
[BlackElo "1931"]
[WhiteFideId "4181751"]
[BlackFideId "4165055"]
[EventDate "2011.01.29"]

1. e4 e5 2. Nf3 Nc6 3. d4 exd4 4. Nxd4 Bc5 5. Be3 Qf6 6. c3 Nge7 7. Bc4 O-O 8.
O-O b6 9. f4 d5 10. e5 Qh6 11. Be2 Nxe5 12. g3 Nc4 13. Bxc4 dxc4 14. Qf3 Rb8 15.
f5 Qd6 16. f6 Qxf6 17. Qxf6 gxf6 18. Nd2 Nd5 19. Bh6 Re8 20. Rfe1 Ba6 21. Ne4
Bxd4+ 22. cxd4 Re6 23. Nc3 Rbe8 24. Rxe6 fxe6 25. Re1 Nb4 26. Rf1 Kf7 27. Bf4
Nd3 28. Bxc7 Rc8 29. Be5 f5 30. Kg2 Nxb2 31. d5 Bb7 32. Kh3 Nd3 33. dxe6+ Kxe6
34. Bd4 Rd8 35. Be3 Bc6 36. Ne2 Ke5 37. g4 fxg4+ 38. Kxg4 Ke4 39. Bg5 Rg8 40.
Kh4 b5 41. Ng3+ Ke5 42. Rf5+ Kd6 43. Rf6+ Kc7 44. Nf5 Ne5 45. Nd4 Ng6+ 46. Kh5
Be8 47. Kh6 Nf8 48. Rxf8 Rxf8 49. Ne6+ Kd6 50. Nxf8 b4 51. Nxh7 Bf7 52. Kg7 Be6
53. Nf8 Bd5 54. Ng6 a5 55. h4 c3 56. h5 Bxa2 57. Bf6 c2 58. Bb2 a4 59. h6 Bg8
60. Kxg8 a3 61. Bc1 a2 62. h7 a1=Q 63. h8=Q Qxc1 64. Qd4+ Kc6 65. Ne5+ Kb5 66.
Qd7+ Kb6 67. Qc6+ Ka7 68. Qc5+ Ka8 69. Qc8+ Ka7 70. Qc5+ Ka8 71. Qa5+ Kb7 72.
Qxb4+ Ka8 73. Qa5+ Kb7 74. Qb5+ Ka8 75. Qc6+ Ka7 76. Qc5+ Ka8 77. Qd5+ Ka7 78.
Qd7+ Ka8 79. Qd5+ Ka7 80. Qa2+ Kb7 81. Qb3+ Ka8 82. Qa4+ Kb7 83. Qb5+ Ka8 84.
Qc6+ Ka7 85. Qc5+ Ka8 86. Nc6 Qa1 87. Qb6 Qa2+ 88. Kg7 Qa1+ 89. Kg6 1-0

[Event "Moscow Open F Women"]
[Site "Moscow RUS"]
[Date "2011.02.01"]
[Round "4.11"]
[White "Romanko, Marina"]
[Black "Gorozhankina, Julia"]
[Result "1/2-1/2"]
[WhiteTitle "IM"]
[BlackTitle "WFM"]
[WhiteElo "2404"]
[BlackElo "2088"]
[WhiteFideId "4149351"]
[BlackFideId "4199650"]
[EventDate "2011.01.29"]

1. d4 Nf6 2. c4 g6 3. Nf3 Bg7 4. g3 d5 5. cxd5 Nxd5 6. Bg2 O-O 7. Nc3 Nb6 8. O-O
Nc6 9. e3 Re8 10. Re1 a5 11. Qe2 e5 12. dxe5 Nxe5 13. Nxe5 Bxe5 14. f4 Bg7 15.
e4 Be6 16. Be3 Nc4 17. Rad1 Qe7 18. e5 Qb4 19. Bc1 Red8 20. Kh1 c6 21. Ne4 Qe7
22. b3 Nb6 23. Be3 Nd5 24. Bc5 Qc7 25. Qf2 Bf8 26. Bxf8 Rxf8 27. g4 f6 28. Rxd5
Bxd5 29. Nxf6+ Kg7 30. Bxd5 cxd5 31. g5 Rad8 32. e6 Qe7 33. Qd4 Rxf6 34. f5 h6
35. h4 hxg5 36. hxg5 Rh8+ 37. Kg2 Rh5 38. gxf6+ Qxf6 39. Qxf6+ Kxf6 40. e7 Rg5+
41. Kh3 Rh5+ 42. Kg3 1/2-1/2

[Event "Moscow Open F Women"]
[Site "Moscow RUS"]
[Date "2011.02.01"]
[Round "4.12"]
[White "Kovanova, Baira"]
[Black "Khropova, Larisa"]
[Result "1-0"]
[WhiteTitle "WGM"]
[BlackTitle "WFM"]
[WhiteElo "2391"]
[BlackElo "2087"]
[WhiteFideId "4164083"]
[BlackFideId "4120841"]
[EventDate "2011.01.29"]

1. e4 c5 2. Nc3 d6 3. g3 Nc6 4. Bg2 Nf6 5. d3 h6 6. h3 e5 7. Nge2 Be6 8. f4 Qc8
9. f5 Bd7 10. O-O a6 11. a4 Rb8 12. Be3 b5 13. axb5 axb5 14. g4 b4 15. Nd5 Nxd5
16. exd5 Nd4 17. Ng3 Be7 18. Nh5 Bf8 19. f6 g6 20. Ng7+ Kd8 21. c3 bxc3 22. bxc3
Nb5 23. Bd2 Rh7 24. c4 Nc7 25. Ra7 Rb7 26. Qa1 Rxa7 27. Qxa7 Qa6 28. Ra1 Qc8 29.
Ba5 Bxg7 30. fxg7 Rxg7 31. Rb1 1-0

[Event "Moscow Open F Women"]
[Site "Moscow RUS"]
[Date "2011.02.01"]
[Round "4.13"]
[White "Korchagina, Viktoria"]
[Black "Nebolsina, Vera"]
[Result "0-1"]
[WhiteTitle "WFM"]
[BlackTitle "WGM"]
[WhiteElo "2086"]
[BlackElo "2388"]
[WhiteFideId "4197224"]
[BlackFideId "4163591"]
[EventDate "2011.01.29"]

1. e4 e5 2. Nf3 Nf6 3. Nxe5 d6 4. Nf3 Nxe4 5. Nc3 Nxc3 6. dxc3 Be7 7. Bf4 O-O 8.
Qd2 Nd7 9. O-O-O Nc5 10. Bd3 Nxd3+ 11. Qxd3 Qd7 12. Kb1 Qa4 13. Bg5 Re8 14. h4
Be6 15. b3 Qa5 16. g4 Bxg4 17. Rdg1 Qf5 18. Rxg4 Qxg4 19. Rg1 Qh5 20. Bxe7 Rxe7
21. Rg5 Qh6 22. Nd4 Re1+ 23. Kb2 Qf6 24. Nf5 g6 25. Nh6+ Kh8 26. Qc4 Rf8 27. Ng4
Qe7 28. Ne3 c6 29. Qd4+ f6 30. Rg3 Rh1 31. Nc4 Qe1 32. Ka3 d5 33. Nb2 Qe7+ 34.
b4 a5 35. Kb3 axb4 36. cxb4 Re1 37. h5 Re4 38. Qd2 g5 39. Nd3 b6 40. f4 c5 41.
Kb2 c4 42. Nc1 d4 0-1

[Event "Moscow Open F Women"]
[Site "Moscow RUS"]
[Date "2011.02.01"]
[Round "4.14"]
[White "Zizlova, Sofia"]
[Black "Pustovoitova, Daria"]
[Result "1-0"]
[BlackTitle "FM"]
[WhiteElo "2085"]
[BlackElo "2331"]
[WhiteFideId "4123476"]
[BlackFideId "4182146"]
[EventDate "2011.01.29"]

1. e4 c5 2. Nf3 d6 3. d4 cxd4 4. Nxd4 Nf6 5. Nc3 a6 6. Be3 e6 7. f3 b5 8. Qd2 b4
9. Na4 Nbd7 10. g4 h6 11. O-O-O Ne5 12. b3 Bd7 13. Nb2 d5 14. Bf4 Qc7 15. Re1
dxe4 16. Bxe5 Qxe5 17. Nc4 Qc7 18. fxe4 Rd8 19. e5 Nd5 20. Bg2 Bc8 21. Rhf1 g6
22. Qf2 Bc5 23. Nd6+ Bxd6 24. Bxd5 O-O 25. exd6 Rxd6 26. Bc4 Rfd8 27. Nf3 Bd7
28. Ne5 Be8 29. Nxg6 fxg6 30. Bxe6+ Kh7 31. Bg8+ Kh8 32. Bc4 Bb5 33. Bxb5 Qg7
34. Kb1 axb5 35. Qf4 Rd4 36. Qf3 Rd2 37. h4 Rc8 38. Rc1 Rcd8 39. g5 R8d7 40.
gxh6 Qxh6 41. Rce1 R2d5 42. Re8+ Kh7 43. Qxd5 Rxd5 44. Rf7+ Qg7 45. Rxg7+ Kxg7
46. Re4 Kf6 47. Rxb4 g5 48. hxg5+ Rxg5 49. a4 bxa4 50. Rxa4 Rg2 51. Re4 1-0

[Event "Moscow Open F Women"]
[Site "Moscow RUS"]
[Date "2011.02.01"]
[Round "4.15"]
[White "Kostrikina, Anna"]
[Black "Severiukhina, Zoja"]
[Result "0-1"]
[WhiteTitle "WFM"]
[BlackTitle "WIM"]
[WhiteElo "2079"]
[BlackElo "2312"]
[WhiteFideId "4176219"]
[BlackFideId "24108065"]
[EventDate "2011.01.29"]

1. e4 d6 2. d4 Nf6 3. Nc3 g6 4. Be3 c6 5. Qd2 b5 6. f3 Nbd7 7. Nh3 Qc7 8. Nf4
Nb6 9. Bd3 Bg7 10. O-O O-O 11. Rfe1 e5 12. dxe5 dxe5 13. Nfe2 Rd8 14. Qc1 Be6
15. Ng3 b4 16. Nd1 c5 17. Nf2 c4 18. Bf1 a5 19. Rd1 Nfd7 20. Qd2 Nc5 21. Qe1
Rdc8 22. Be2 Nca4 23. Rab1 Nd7 24. Nf1 Bf8 25. Rdc1 c3 26. b3 Nb2 27. Nd3 Nxd3
28. Bxd3 a4 29. Rd1 Nc5 30. Bf2 axb3 31. axb3 Ra2 32. Bxc5 Bxc5+ 33. Kh1 Qb6 34.
Ng3 Rca8 35. Ra1 Bf2 36. Qf1 h5 37. Rxa2 Rxa2 38. Ne2 Qe3 39. Rb1 h4 40. Qc1
Qxc1+ 41. Rxc1 Be3 42. Rb1 Kf8 43. g3 h3 44. g4 Rb2 45. Ra1 Bxb3 46. cxb3 Rd2 0-1

[Event "Moscow Open F Women"]
[Site "Moscow RUS"]
[Date "2011.02.01"]
[Round "4.17"]
[White "Frolova, Ekaterina"]
[Black "Ghader Pour, Shayesteh"]
[Result "0-1"]
[BlackTitle "WIM"]
[WhiteElo "2067"]
[BlackElo "2212"]
[WhiteFideId "4159420"]
[BlackFideId "12500747"]
[EventDate "2011.01.29"]

1. e4 c5 2. Nf3 e6 3. d4 cxd4 4. Nxd4 a6 5. Bd3 Nf6 6. O-O Qc7 7. c4 Nc6 8. Nxc6
dxc6 9. f4 Bc5+ 10. Kh1 e5 11. f5 h5 12. h3 Bd7 13. Nc3 O-O-O 14. Qf3 h4 15. Bg5
Rdg8 16. Rab1 Nh5 17. Rfc1 Ng3+ 18. Kh2 Nxf5 19. b4 Bd4 20. Nd5 Qd6 21. c5 Qg6
22. exf5 Qxg5 23. b5 Qg3+ 24. Kh1 Qxf3 25. gxf3 cxd5 26. c6 a5 27. cxd7+ Kxd7
28. b6 Rc8 29. Rc7+ Rxc7 30. bxc7 b6 31. f4 f6 32. fxe5 fxe5 33. Rc1 Bc5 34.
c8=Q+ Kxc8 0-1